[Event "SV Letmathe 1 - SV Erkenschwick 1"]
[Site "Oberliga NRW 2021/2022"]
[Date "2022.01.30"]
[Round "5.3"]
[White "Erwich, Marc"]
[Black "Gruermann, Martin"]
[Result "1-0"]
[WhiteElo "2279"]
[BlackElo "2201"]
[PlyCount "71"]
[EventDate "2022.??.??"]
[SourceVersionDate "2020.03.16"]
[WhiteTeam "SV Erkenschwick 1"]
[BlackTeam "SV Letmathe 1"]

1. e4 Nf6 2. Nc3 d5 3. e5 Ne4 4. d4 Nxc3 5. bxc3 c5 6. f4 Nc6 7. Nf3 Bg4 8. Rb1
Qc7 9. Be3 cxd4 10. cxd4 e6 11. Bb5 Be7 12. O-O O-O 13. h3 Bf5 14. Qd2 Rac8 15.
Bd3 Be4 16. Ng5 Bxg5 17. fxg5 Na5 18. Bf2 Nc4 19. Qe2 Qa5 20. Rxb7 Qxa2 21.
Bxe4 dxe4 22. Be1 Rb8 23. Rfxf7 Rxb7 24. Rxb7 Qa1 25. c3 Qc1 26. Qxc4 Qxe1+ 27.
Kh2 Qf2 28. Qxe6+ Kh8 29. Qg4 e3 30. Qg3 Kg8 31. Rb1 Qc2 32. Re1 Qxc3 33. Qxe3
Qxe3 34. Rxe3 Ra8 35. e6 a5 36. d5 1-0

[Event "SV Letmathe 1 - SV Erkenschwick 1"]
[Site "Oberliga NRW 2021/2022"]
[Date "2022.01.30"]
[Round "5.4"]
[White "Pfleger, Sascha"]
[Black "Langers, Alexander"]
[Result "0-1"]
[WhiteElo "1960"]
[BlackElo "2239"]
[PlyCount "92"]
[EventDate "2022.??.??"]
[SourceVersionDate "2020.03.16"]
[WhiteTeam "SV Letmathe 1"]
[BlackTeam "SV Erkenschwick 1"]

1. d4 Nf6 2. c4 g6 3. Nc3 Bg7 4. e4 O-O 5. Be2 d6 6. Bg5 c5 7. d5 e6 8. Nf3
exd5 9. exd5 Bg4 10. O-O Re8 11. Qd2 Nbd7 12. Rfe1 a6 13. h3 Bxf3 14. Bxf3 Qb6
15. Rab1 Qb4 16. Be2 Ne4 17. Nxe4 Rxe4 18. Qxb4 cxb4 19. Be3 Rae8 20. Bd3 R4e7
21. Kf1 a5 22. Bd2 Rxe1+ 23. Bxe1 Nc5 24. Be2 b6 25. Bd2 Bd4 26. Bf4 Rd8 27.
Bg5 f6 28. Bd2 Re8 29. Bf4 Rd8 30. Bd2 Kf7 31. b3 Ne4 32. Be1 Bxf2 33. Bxf2
Nd2+ 34. Ke1 Nxb1 35. Bxb6 Ra8 36. Bc7 Ke7 37. c5 Nc3 38. Bxd6+ Kd7 39. Bc4 Ne4
40. Bb5+ Kd8 41. Bf8 Ra7 42. Bd3 Nc3 43. Bc4 Rf7 44. Bh6 Re7+ 45. Kf1 Re5 46.
Bg7 Nxd5 0-1

[Event "SV Letmathe 1 - SV Erkenschwick 1"]
[Site "Oberliga NRW 2021/2022"]
[Date "2022.01.30"]
[Round "5.5"]
[White "Homs, Guust"]
[Black "Heeke, Guido"]
[Result "1-0"]
[WhiteElo "2130"]
[BlackElo "1857"]
[PlyCount "141"]
[EventDate "2022.??.??"]
[SourceVersionDate "2020.03.16"]
[WhiteTeam "SV Erkenschwick 1"]
[BlackTeam "SV Letmathe 1"]

1. e4 c6 2. d4 d5 3. exd5 cxd5 4. Bd3 Nc6 5. c3 Nf6 6. Bf4 g6 7. h3 Bg7 8. Nd2
O-O 9. Ngf3 Re8 10. O-O Bd7 11. Re1 Qc8 12. Ne5 Nh5 13. Bh2 Bh6 14. Nxd7 Qxd7
15. Nf3 Nf4 16. Bb5 a6 17. Ne5 Qd6 18. Bxc6 bxc6 19. Qf3 g5 20. Qg4 Qf6 21.
Bxf4 Qxf4 22. Qxf4 gxf4 23. Nxc6 e6 24. Ne5 Re7 25. Re2 Rc8 26. a4 Rb7 27. Nd3
a5 28. Nc5 Rb6 29. Kf1 Rc7 30. Nd3 f6 31. Rae1 Kf7 32. Rc2 Kg6 33. Ke2 Kf5 34.
Kf3 Rc8 35. Rce2 Rcc6 36. h4 Rd6 37. Nxf4 Bxf4 38. g4+ Kg6 39. Kxf4 Rdc6 40.
Kg3 Kf7 41. f4 Rc4 42. Ra1 Rb3 43. Rd2 Rb6 44. Kf3 Rb8 45. Ra3 Rc6 46. Ke3 Rcb6
47. Ra2 Rg8 48. Rg2 Rgb8 49. Kd3 Rc6 50. Ra1 Rc4 51. Ra3 Rbc8 52. Rb3 R8c7 53.
Rb8 Rxa4 54. Re2 Re7 55. Rh8 Kg7 56. Ra8 Ra2 57. b4 Rxe2 58. Kxe2 axb4 59. cxb4
e5 60. dxe5 fxe5 61. fxe5 Rxe5+ 62. Kf3 Re7 63. b5 d4 64. b6 Re3+ 65. Kf4 Rb3
66. Ra7+ Kg6 67. h5+ Kf6 68. Rxh7 d3 69. Rh6+ Kg7 70. Rg6+ Kf7 71. Ke3 1-0

[Event "SV Letmathe 1 - SV Erkenschwick 1"]
[Site "Oberliga NRW 2021/2022"]
[Date "2022.01.30"]
[Round "5.6"]
[White "Atasoy, Tarik"]
[Black "Krings, Christoph"]
[Result "0-1"]
[WhiteElo "1766"]
[BlackElo "2117"]
[PlyCount "66"]
[EventDate "2022.??.??"]
[SourceVersionDate "2020.03.16"]
[WhiteTeam "SV Letmathe 1"]
[BlackTeam "SV Erkenschwick 1"]

1. e4 e6 2. d4 d5 3. e5 c5 4. c3 Nc6 5. Nf3 Bd7 6. Be3 cxd4 7. cxd4 Rc8 8. Nc3
a6 9. Bd3 Na5 10. O-O Nc4 11. Bxc4 Rxc4 12. Nd2 Rc8 13. Qg4 g6 14. Nb3 Nh6 15.
Qh3 Nf5 16. Bd2 Bg7 17. g4 Qh4 18. Qxh4 Nxh4 19. f4 h5 20. h3 hxg4 21. hxg4 g5
22. fxg5 Rc4 23. Be3 Bxe5 24. dxe5 Rxg4+ 25. Kf2 Rg2+ 26. Ke1 Ng6 27. Rf2 Rg4
28. Ne2 Nxe5 29. Kd2 Nc4+ 30. Kd3 Rh3 31. Raf1 Rxe3+ 32. Kc2 Rxb3 33. Rxf7
Rxb2+ 0-1

[Event "SV Letmathe 1 - SV Erkenschwick 1"]
[Site "Oberliga NRW 2021/2022"]
[Date "2022.01.30"]
[Round "5.8"]
[White "Schmidt, Jakob"]
[Black "Henn, Marcus"]
[Result "1-0"]
[WhiteElo "1513"]
[BlackElo "1999"]
[PlyCount "83"]
[EventDate "2022.??.??"]
[SourceVersionDate "2020.03.16"]
[WhiteTeam "SV Letmathe 1"]
[BlackTeam "SV Erkenschwick 1"]

1. d4 Nf6 2. c4 e6 3. Nc3 Bb4 4. Qc2 c5 5. dxc5 O-O 6. a3 Bxc5 7. b4 Be7 8. Nf3
a5 9. b5 d6 10. e3 Nbd7 11. Be2 b6 12. a4 Bb7 13. Ba3 Rc8 14. O-O Qc7 15. Nd2
Rfd8 16. Nce4 Ne8 17. Nb3 Ne5 18. Rfc1 Qb8 19. Ned2 Qa8 20. f3 h5 21. Nd4 h4
22. f4 Ng6 23. Bf3 d5 24. Nxe6 fxe6 25. Qxg6 Bf6 26. Ra2 Nd6 27. c5 bxc5 28.
Bxc5 Nc4 29. Nxc4 Rxc5 30. Qg4 Qc8 31. Rac2 dxc4 32. Bxb7 Qxb7 33. Qxe6+ Kf8
34. Rxc4 Re8 35. Qd6+ Be7 36. Qe6 Rxc4 37. Rxc4 Bf6 38. Qd6+ Kg8 39. Rc7 Qe4
40. Qd2 Qxa4 41. Qd5+ Kh8 42. Qh5+ 1-0

[Event "Klub Kölner SF 1 - SF Brackel 1"]
[Site "Oberliga NRW 2021/2022"]
[Date "2022.01.30"]
[Round "5.1"]
[White "Fiebig, Thomas"]
[Black "Morawietz, Dieter"]
[Result "1/2-1/2"]
[WhiteElo "2415"]
[BlackElo "2406"]
[PlyCount "49"]
[EventDate "2022.??.??"]
[SourceVersionDate "2020.03.16"]
[WhiteTeam "SF Brackel 1"]
[BlackTeam "Klub Kölner SF 1"]

1. e4 c6 2. Nf3 d5 3. exd5 cxd5 4. Ne5 e6 5. d4 Nf6 6. Bd3 Nc6 7. c3 Nxe5 8.
dxe5 Nd7 9. Qe2 Qc7 10. f4 Nc5 11. Be3 Bd7 12. Nd2 a6 13. Bc2 Rc8 14. a4 b5 15.
a5 b4 16. cxb4 Bb5 17. Qd1 Ne4 18. Bxe4 dxe4 19. Kf2 Bxb4 20. Rc1 Qd8 21. Nxe4
O-O 22. Qxd8 Rcxd8 23. Nd6 Bxd6 24. exd6 Rxd6 25. Rhd1 1/2-1/2

[Event "Klub Kölner SF 1 - SF Brackel 1"]
[Site "Oberliga NRW 2021/2022"]
[Date "2022.01.30"]
[Round "5.2"]
[White "Helbig, Mark"]
[Black "Luft, Dennis"]
[Result "0-1"]
[WhiteElo "2240"]
[BlackElo "2263"]
[PlyCount "116"]
[EventDate "2022.??.??"]
[SourceVersionDate "2020.03.16"]
[WhiteTeam "Klub Kölner SF 1"]
[BlackTeam "SF Brackel 1"]

1. d4 Nf6 2. c4 e6 3. Nf3 d5 4. g3 Be7 5. Bg2 O-O 6. O-O dxc4 7. Qc2 c6 8. a4
b6 9. Nbd2 Na6 10. Nxc4 Nb4 11. Qb3 Ba6 12. Bg5 Bxc4 13. Qxc4 Qd5 14. Rfc1 Qxc4
15. Rxc4 Rac8 16. Bd2 a5 17. Rac1 c5 18. Bxb4 axb4 19. Ne5 Nd5 20. Nd3 Bg5 21.
f4 Bf6 22. dxc5 bxc5 23. Kh1 Bd4 24. a5 Ne3 25. Rxd4 cxd4 26. Rxc8 Rxc8 27. Bb7
Rc2 28. a6 Rd2 29. h4 Nc4 30. a7 Nb6 31. a8=Q+ Nxa8 32. Bxa8 Rxe2 33. Nxb4 Rxb2
34. Nd3 Rb3 35. Nf2 Rxg3 36. Be4 f5 37. Kh2 Re3 38. Bc6 d3 39. Kg2 d2 40. Bf3
Kf7 41. Nd1 Re1 42. Kf2 e5 43. fxe5 Ke6 44. Ne3 g6 45. Be2 h5 46. Nd1 Kxe5 47.
Ke3 Rh1 48. Nf2 f4+ 49. Kxd2 Rxh4 50. Bf3 g5 51. Bb7 Kd4 52. Ke2 g4 53. Kf1 g3
54. Ne4 Rh1+ 55. Kg2 Rh2+ 56. Kf3 Rb2 57. Kxf4 g2 58. Ng5 Rf2+ 0-1

[Event "Klub Kölner SF 1 - SF Brackel 1"]
[Site "Oberliga NRW 2021/2022"]
[Date "2022.01.30"]
[Round "5.3"]
[White "Kartsev, Soel"]
[Black "Tugui, Adrian"]
[Result "1/2-1/2"]
[WhiteElo "2193"]
[BlackElo "2298"]
[PlyCount "33"]
[EventDate "2022.??.??"]
[SourceVersionDate "2020.03.16"]
[WhiteTeam "SF Brackel 1"]
[BlackTeam "Klub Kölner SF 1"]

1. e4 c5 2. Nf3 a6 3. c3 d5 4. exd5 Qxd5 5. d4 e6 6. Be3 cxd4 7. Qxd4 Nf6 8.
Bc4 Qxd4 9. cxd4 b5 10. Bb3 Bb7 11. Nbd2 Bd6 12. a4 O-O 13. axb5 axb5 14. Rxa8
Bxa8 15. Ke2 Nc6 16. Ra1 h6 17. h3 1/2-1/2

[Event "Klub Kölner SF 1 - SF Brackel 1"]
[Site "Oberliga NRW 2021/2022"]
[Date "2022.01.30"]
[Round "5.4"]
[White "Bonnmann, Reinhard"]
[Black "Fluechter, Gregor"]
[Result "1/2-1/2"]
[WhiteElo "2183"]
[BlackElo "2230"]
[PlyCount "35"]
[EventDate "2022.??.??"]
[SourceVersionDate "2020.03.16"]
[WhiteTeam "Klub Kölner SF 1"]
[BlackTeam "SF Brackel 1"]

1. d4 d5 2. c4 c6 3. Nf3 Nf6 4. e3 Bf5 5. Bd3 Bxd3 6. Qxd3 e6 7. O-O Nbd7 8.
Nc3 Bb4 9. Bd2 Bxc3 10. Bxc3 O-O 11. Rfd1 Ne4 12. Be1 f5 13. Nd2 Nxd2 14. Bxd2
Qh4 15. Qb3 Nf6 16. f3 Rf7 17. Rac1 Re8 18. Be1 1/2-1/2

[Event "Klub Kölner SF 1 - SF Brackel 1"]
[Site "Oberliga NRW 2021/2022"]
[Date "2022.01.30"]
[Round "5.5"]
[White "Steinmetzer, Thomas"]
[Black "Wisskirchen, Andreas"]
[Result "1-0"]
[WhiteElo "2202"]
[BlackElo "2187"]
[PlyCount "87"]
[EventDate "2022.??.??"]
[SourceVersionDate "2020.03.16"]
[WhiteTeam "SF Brackel 1"]
[BlackTeam "Klub Kölner SF 1"]

1. e4 c5 2. Nf3 d6 3. d4 cxd4 4. Nxd4 Nf6 5. Nc3 g6 6. Be3 Bg7 7. f3 Nc6 8. Qd2
O-O 9. O-O-O Nxd4 10. Bxd4 Be6 11. Kb1 Qc7 12. g4 Rfc8 13. h4 Qa5 14. g5 Nh5
15. Bxg7 Nxg7 16. Bh3 Rxc3 17. Qxc3 Qxa2+ 18. Kc1 Rc8 19. Bxe6 Qxe6 20. Qb4 b6
21. Kb1 Nh5 22. Rd3 Rc4 23. Qb3 Qc8 24. Rhd1 Nf4 25. Rd4 Rc5 26. Ra4 Rc7 27.
Qe3 Ne6 28. h5 gxh5 29. f4 Nc5 30. Rad4 Qg4 31. Rg1 Qh4 32. f5 Nd7 33. g6 hxg6
34. fxg6 fxg6 35. Rxg6+ Kf7 36. Rg1 Qh2 37. Rd2 Qe5 38. Qb3+ e6 39. Rf2+ Ke7
40. Qf3 Rc8 41. Qf7+ Kd8 42. Rg7 Qb5 43. Qxe6 Rc5 44. Rff7 1-0

[Event "Klub Kölner SF 1 - SF Brackel 1"]
[Site "Oberliga NRW 2021/2022"]
[Date "2022.01.30"]
[Round "5.7"]
[White "Goldschmidt, Christian"]
[Black "Langner, Jasper"]
[Result "1/2-1/2"]
[WhiteElo "2184"]
[BlackElo "1977"]
[Annotator "daniel"]
[PlyCount "116"]
[EventDate "2022.??.??"]
[SourceVersionDate "2020.03.16"]
[WhiteTeam "SF Brackel 1"]
[BlackTeam "Klub Kölner SF 1"]

1. e4 e5 2. f4 exf4 3. Nf3 Nf6 4. Nc3 d5 5. exd5 Nxd5 6. Nxd5 Qxd5 7. d4 Be7 8.
Be2 Qd6 9. O-O Bg4 10. Qd2 O-O 11. Qxf4 Bh5 12. Bc4 Nd7 13. c3 Rae8 14. Qxd6
Bxd6 15. Bd2 Nf6 $11 16. Rae1 Rxe1 17. Rxe1 Bxf3 18. gxf3 Re8 19. Rxe8+ Nxe8
20. Kg2 Kf8 21. Bd3 g6 22. c4 c6 23. Bh6+ Ke7 24. h4 Kd7 25. h5 Be7 26. hxg6
hxg6 27. Be3 Nc7 28. d5 cxd5 29. Bxa7 Ne6 30. Kf2 Nc5 31. Bf1 Ke6 32. Ke3 Nd7
33. b3 f5 34. f4 Bf8 35. cxd5+ Kxd5 36. Bg2+ Kd6 37. Bxb7 Nf6 38. Bf3 Bh6 39.
Kd4 Nd7 40. Ke3 g5 41. fxg5 Bxg5+ 42. Ke2 Bd8 43. Be3 Ne5 44. Bf4 Ke6 45. Bb7
Ng6 46. Bb8 Ne5 47. a4 Ba5 48. Bc8+ Kd5 49. Bb7+ Kd4 50. Ba6 Nc6 51. Bf4 Kc3
52. Bd2+ Kxb3 53. Bxa5 Nxa5 54. Bb5 Kb4 55. Ke3 Nb7 56. Kf4 Nc5 57. Kxf5 Nxa4
58. Bxa4 Kxa4 1/2-1/2

[Event "SC Siegburg 1 - SV Mülheim-Nord 2"]
[Site "Oberliga NRW 2021/2022"]
[Date "2022.01.30"]
[Round "5.1"]
[White "Buckels, Valentin"]
[Black "Hoffmann, Michael"]
[Result "1-0"]
[WhiteElo "2426"]
[BlackElo "2430"]
[Annotator "daniel"]
[PlyCount "43"]
[EventDate "2022.??.??"]
[SourceVersionDate "2020.03.16"]
[WhiteTeam "SV Mülheim-Nord 2"]
[BlackTeam "SC Siegburg 1"]

1. d4 Nf6 2. Nf3 d5 3. g3 c5 4. Bg2 cxd4 5. Nxd4 g6 6. c4 Bg7 7. cxd5 Nxd5 8.
Qa4+ Bd7 9. Qb3 Nc6 10. Nxc6 Bxc6 11. O-O Nb6 12. Bxc6+ bxc6 13. Rd1 Qc7 14.
Bf4 Qb7 15. Nc3 O-O 16. Rac1 Qa6 $11 17. Rc2 Rfd8 18. Rdc1 Bxc3 19. Qxc3 Qxa2
20. b3 Qa6 21. Bh6 f6 22. Qe3 1-0

[Event "SC Siegburg 1 - SV Mülheim-Nord 2"]
[Site "Oberliga NRW 2021/2022"]
[Date "2022.01.30"]
[Round "5.3"]
[White "Hausrath, Daniel"]
[Black "Roshka, Yevgeniy"]
[Result "1-0"]
[WhiteElo "2452"]
[BlackElo "2455"]
[PlyCount "87"]
[EventDate "2022.??.??"]
[SourceVersionDate "2020.03.16"]
[WhiteTeam "SV Mülheim-Nord 2"]
[BlackTeam "SC Siegburg 1"]

1. Nf3 Nf6 2. g3 e6 3. Bg2 b5 4. O-O Bb7 5. d3 d5 6. a4 b4 7. Nbd2 Be7 8. e4 c5
9. exd5 Nxd5 10. Nc4 Nc6 11. a5 Rc8 12. a6 Ba8 13. Re1 O-O 14. h4 h6 15. Bd2
Qc7 16. c3 Rfd8 17. Qe2 Bf6 18. Rac1 Qb8 19. Nh2 bxc3 20. bxc3 Qb3 21. Ng4 Bxc3
22. Bxd5 Nd4 23. Nf6+ Kf8 24. Qe3 Rxd5 25. Rxc3 Qa4 26. Nxd5 Bxd5 27. f4 Ba8
28. Kf2 Qc6 29. Rg1 Qd5 30. Rcc1 Nf5 31. Qe4 Qd8 32. Qe2 Nd4 33. Qe5 Nf5 34.
Be3 Kg8 35. Rgd1 Qd7 36. Rb1 Qc6 37. Rb7 Qxa6 38. Rb8 f6 39. Qc7 Ne7 40. Rxa8
Rxa8 41. Qxe7 Rb8 42. Qxc5 Qa2+ 43. Rd2 Qa1 44. Qxa7 1-0

[Event "SC Siegburg 1 - SV Mülheim-Nord 2"]
[Site "Oberliga NRW 2021/2022"]
[Date "2022.01.30"]
[Round "5.4"]
[White "Zavgorodniy, Sergiy"]
[Black "Stillger, Bernhard"]
[Result "1/2-1/2"]
[WhiteElo "2416"]
[BlackElo "2238"]
[PlyCount "183"]
[EventDate "2022.??.??"]
[SourceVersionDate "2020.03.16"]
[WhiteTeam "SC Siegburg 1"]
[BlackTeam "SV Mülheim-Nord 2"]

1. e4 e5 2. Nf3 Nf6 3. d3 d6 4. g3 g6 5. Bg2 Bg7 6. O-O O-O 7. Re1 Nbd7 8. d4
c6 9. c4 Qc7 10. Nc3 a5 11. h3 exd4 12. Nxd4 Re8 13. Be3 Nc5 14. Qc2 a4 15. b4
axb3 16. axb3 Rxa1 17. Rxa1 Nfd7 18. b4 Ne6 19. Nxe6 Rxe6 20. Rd1 Re8 21. Ne2
h5 22. f4 Nf6 23. Bd4 Nh7 24. Qc3 Bxd4+ 25. Qxd4 c5 26. Qxd6 Qxd6 27. Rxd6 cxb4
28. Rb6 Be6 29. c5 Rc8 30. Nd4 Nf8 31. Rxb4 Rxc5 32. Rxb7 Rc4 33. Nb5 Rc1+ 34.
Kh2 Rd1 35. Nc7 Rd2 36. Nd5 Nd7 37. Rc7 Kg7 38. Kg1 Rd1+ 39. Kf2 Rd2+ 40. Kg1
Rd1+ 41. Kh2 Rd2 42. Ne3 Re2 43. Nc2 Rd2 44. Ne1 Nf6 45. Nf3 Rb2 46. Ng5 Ba2
47. Ra7 Bc4 48. Rc7 Ba2 49. Rc1 Nh7 50. Nxh7 Kxh7 51. g4 Bb1 52. Re1 hxg4 53.
hxg4 Bd3 54. Kg3 Re2 55. Rxe2 Bxe2 56. Bf3 Bd3 57. Kf2 Kg7 58. Ke3 Bc4 59. Kd4
Bb3 60. Ke5 Bc4 61. Bd1 Ba2 62. Kd6 Kf8 63. Ba4 Bb1 64. Bc6 Bd3 65. Kd7 Be2 66.
g5 Bg4+ 67. Kd8 Bh3 68. Bd5 Bg4 69. Bb7 Bh3 70. Bc8 Bg2 71. e5 Bd5 72. Kd7 Be6+
73. Kc7 Bc4 74. Kd6 Bd3 75. Bh3 Bc2 76. Bf1 Bf5 77. Bc4 Bc2 78. Bb5 Bf5 79. Bd7
Bd3 80. Bc6 Bf5 81. Kc5 Ke7 82. Kd4 Bh3 83. Be4 Be6 84. Ke3 Bd7 85. Kf3 Be6 86.
Ke3 Bd7 87. Kf3 Be6 88. Kg3 Bd7 89. Bf3 Bf5 90. Bg4 Bd3 91. Bh3 Bc2 92. Bg2
1/2-1/2

[Event "SC Siegburg 1 - SV Mülheim-Nord 2"]
[Site "Oberliga NRW 2021/2022"]
[Date "2022.01.30"]
[Round "5.5"]
[White "Hoenig, Alexander"]
[Black "Schmidt, Bodo"]
[Result "1/2-1/2"]
[WhiteElo "2176"]
[BlackElo "2241"]
[Annotator "daniel"]
[PlyCount "121"]
[EventDate "2022.??.??"]
[SourceVersionDate "2020.03.16"]
[WhiteTeam "SV Mülheim-Nord 2"]
[BlackTeam "SC Siegburg 1"]

1. d4 d5 2. Nf3 Nf6 3. Bf4 g6 4. e3 Bg7 5. c4 O-O 6. Nc3 c6 7. h3 Qb6 8. a3 Be6
9. c5 Qd8 10. Bd3 Bf5 11. Bxf5 gxf5 12. Ne5 Nbd7 13. g4 fxg4 14. hxg4 Nxe5 15.
Bxe5 Nd7 16. Qc2 h6 17. Bxg7 Kxg7 18. g5 Rh8 19. gxh6+ Rxh6 20. Rxh6 Kxh6 21.
Qf5 Kg7 22. Qg5+ Kf8 23. Qh6+ Ke8 $11 24. Qh8+ Nf8 25. O-O-O Kd7 26. Qg7 Qe8
27. e4 Ne6 28. Qe5 Rd8 29. exd5 cxd5 30. Qxd5+ Kc8 31. Qf5 Kb8 32. Qe5+ Ka8 33.
b4 Qh8 34. Qxh8 Rxh8 35. d5 Nf4 36. d6 exd6 37. Rxd6 Ne6 38. Rd7 Rh3 39. Nb5
Rf3 40. Re7 Ng7 41. Rd7 Ne6 42. Nd6 b6 43. cxb6 axb6 44. Rxf7 Rxa3 45. Kb2 Rd3
46. Nc4 b5 47. Ne5 Rd6 48. f4 Kb8 49. f5 Ng5 50. Rg7 Ne4 51. Rg4 Nf6 52. Rg6
Kc7 53. Rg7+ Kc8 54. Ng6 Rd7 55. Rxd7 Kxd7 56. Kc3 Kd6 57. Nf4 Ke5 58. Ne2 Nd5+
59. Kb3 Nxb4 60. Kxb4 Kxf5 61. Kxb5 1/2-1/2

[Event "SC Siegburg 1 - SV Mülheim-Nord 2"]
[Site "Oberliga NRW 2021/2022"]
[Date "2022.01.30"]
[Round "5.6"]
[White "Albrecht, Oliver"]
[Black "Bus, Tom"]
[Result "1-0"]
[WhiteElo "2158"]
[BlackElo "2052"]
[PlyCount "109"]
[EventDate "2022.??.??"]
[SourceVersionDate "2020.03.16"]
[WhiteTeam "SC Siegburg 1"]
[BlackTeam "SV Mülheim-Nord 2"]

1. Nf3 Nf6 2. c4 c5 3. Nc3 b6 4. g3 Bb7 5. Bg2 e6 6. O-O d6 7. d4 cxd4 8. Qxd4
a6 9. Rd1 Qc7 10. b3 Nbd7 11. e4 Be7 12. Ba3 Nc5 13. e5 dxe5 14. Qxe5 Qxe5 15.
Nxe5 Bxg2 16. Kxg2 Rc8 17. Kf3 b5 18. Bxc5 Rxc5 19. Re1 O-O 20. b4 Rxe5 21.
Rxe5 Bxb4 22. Nxb5 axb5 23. Rxb5 Ba3 24. Rab1 Nd7 25. Ke4 Rc8 26. Kd4 Bc5+ 27.
Kc3 Bxf2 28. Rb7 Nf8 29. Rf1 Be3 30. Rfxf7 Bh6 31. a4 Ra8 32. Ra7 Rd8 33. a5
Bd2+ 34. Kb3 Bxa5 35. Rxg7+ Kh8 36. c5 Rc8 37. Rgf7 Kg8 38. Rxf8+ Kxf8 39. Rxa5
Rb8+ 40. Kc3 Rb7 41. Ra2 Ke7 42. Rd2 Rb1 43. Kc4 Rc1+ 44. Kb5 e5 45. Kc6 Ke6
46. Re2 h5 47. Kb6 Kd5 48. Rd2+ Ke4 49. c6 Ke3 50. Rd5 Ke4 51. Rc5 Rb1+ 52. Rb5
Rc1 53. c7 Kd4 54. Kb7 e4 55. c8=Q 1-0

[Event "SC Siegburg 1 - SV Mülheim-Nord 2"]
[Site "Oberliga NRW 2021/2022"]
[Date "2022.01.30"]
[Round "5.7"]
[White "Schmidt, Kevin"]
[Black "Dzierzenga, Stefan"]
[Result "1/2-1/2"]
[WhiteElo "1957"]
[BlackElo "2116"]
[PlyCount "28"]
[EventDate "2022.??.??"]
[SourceVersionDate "2020.03.16"]
[WhiteTeam "SV Mülheim-Nord 2"]
[BlackTeam "SC Siegburg 1"]

1. e4 e6 2. d3 d5 3. Qe2 Ne7 4. Nf3 c5 5. g3 Nbc6 6. c3 g6 7. Bg2 Bg7 8. O-O
O-O 9. Re1 b6 10. h4 h6 11. Nbd2 a5 12. Nf1 dxe4 13. dxe4 Ba6 14. Qe3 Qd3
1/2-1/2

[Event "SC Siegburg 1 - SV Mülheim-Nord 2"]
[Site "Oberliga NRW 2021/2022"]
[Date "2022.01.30"]
[Round "5.8"]
[White "Arzumanian, Georgy"]
[Black "Hausrath, Michaela"]
[Result "1-0"]
[WhiteElo "2390"]
[BlackElo "1674"]
[PlyCount "67"]
[EventDate "2022.??.??"]
[SourceVersionDate "2020.03.16"]
[WhiteTeam "SC Siegburg 1"]
[BlackTeam "SV Mülheim-Nord 2"]

1. e4 c5 2. Nf3 Nc6 3. Nc3 Nf6 4. d4 cxd4 5. Nxd4 e5 6. Ndb5 d6 7. Nd5 Nxd5 8.
exd5 Nb8 9. c4 a6 10. Nc3 Be7 11. Be2 O-O 12. O-O f5 13. a3 f4 14. b4 Nd7 15.
Bb2 Nf6 16. Bd3 Bg4 17. f3 Bd7 18. Rc1 b5 19. c5 dxc5 20. d6 Bxd6 21. Bxh7+
Kxh7 22. Qxd6 cxb4 23. axb4 Qb8 24. Qd3+ Kh8 25. Rfe1 Qa7+ 26. Kh1 Qd4 27. Qb1
Qxb4 28. Rxe5 Rfe8 29. Nd5 Qd6 30. Nxf6 gxf6 31. Rh5+ Kg7 32. Qh7+ Kf8 33. Rg5
Qe6 34. Qg7# 1-0

[Event "Bochumer SV 1 - SV Wattenscheid 1"]
[Site "Oberliga NRW 2021/2022"]
[Date "2022.01.30"]
[Round "5.1"]
[White "Koscielski, Janusz"]
[Black "Zatonskih, Anna"]
[Result "1/2-1/2"]
[WhiteElo "2226"]
[BlackElo "2426"]
[PlyCount "54"]
[EventDate "2022.??.??"]
[SourceVersionDate "2020.03.16"]
[WhiteTeam "SV Wattenscheid 1"]
[BlackTeam "Bochumer SV 1"]

1. e4 e6 2. d4 d5 3. Nd2 c5 4. exd5 exd5 5. Bb5+ Nc6 6. Ngf3 Qe7+ 7. Be2 Qc7 8.
O-O Nf6 9. Re1 cxd4 10. Nb3 Bb4 11. Bd2 Bxd2 12. Qxd2 O-O 13. Bd3 Bd7 14. Nbxd4
Nxd4 15. Nxd4 Rfe8 16. c3 h6 17. f3 Rxe1+ 18. Rxe1 Re8 19. Rxe8+ Bxe8 20. g3
Kf8 21. Kf2 Qb6 22. Kg2 a6 23. Qf2 Qa5 24. a3 Qc7 25. Qe3 Nd7 26. Nf5 Qe5 27.
Kf2 Qe6 1/2-1/2

[Event "Bochumer SV 1 - SV Wattenscheid 1"]
[Site "Oberliga NRW 2021/2022"]
[Date "2022.01.30"]
[Round "5.2"]
[White "Illner, Achim"]
[Black "Straeter, Timo"]
[Result "1-0"]
[WhiteElo "2447"]
[BlackElo "2275"]
[PlyCount "101"]
[EventDate "2022.??.??"]
[SourceVersionDate "2020.03.16"]
[WhiteTeam "Bochumer SV 1"]
[BlackTeam "SV Wattenscheid 1"]

1. d4 d5 2. c4 c6 3. cxd5 cxd5 4. Nf3 Nf6 5. Nc3 Nc6 6. Bf4 a6 7. Rc1 Ne4 8. a3
e6 9. e3 Nxc3 10. Rxc3 Bd7 11. Bd3 Be7 12. O-O O-O 13. Qc2 f5 14. Ne5 Nxe5 15.
Bxe5 Bc6 16. Rc1 Qd7 17. g3 a5 18. Qe2 a4 19. h4 Qe8 20. Qf3 Qd7 21. Kg2 Rf7
22. Qf4 Bf8 23. g4 fxg4 24. Qxg4 Qe8 25. h5 Rd8 26. Rh1 Bd6 27. Bxd6 Rxd6 28.
f4 Qe7 29. Qg5 Qf6 30. Rh3 Rd8 31. Rg3 Qxg5 32. fxg5 Rdf8 33. Rc2 Re7 34. Rf3
Rxf3 35. Kxf3 Rf7+ 36. Kg3 h6 37. g6 Rf8 38. Be2 Rc8 39. Bg4 Bd7 40. Rc5 Kf8
41. Rxc8+ Bxc8 42. Kf4 Ke7 43. Ke5 Bd7 44. Bh3 Bc8 45. Bg2 Bd7 46. e4 dxe4 47.
Bxe4 Bc6 48. d5 Bxd5 49. Bxd5 exd5 50. Kxd5 Kf6 51. Kd6 1-0

[Event "Bochumer SV 1 - SV Wattenscheid 1"]
[Site "Oberliga NRW 2021/2022"]
[Date "2022.01.30"]
[Round "5.3"]
[White "Wengenroth, Walter"]
[Black "Friedmann, Rafael"]
[Result "1/2-1/2"]
[WhiteElo "2224"]
[BlackElo "2382"]
[PlyCount "30"]
[EventDate "2022.??.??"]
[SourceVersionDate "2020.03.16"]
[WhiteTeam "SV Wattenscheid 1"]
[BlackTeam "Bochumer SV 1"]

1. e4 c5 2. Nf3 d6 3. Bb5+ Nd7 4. c3 Ngf6 5. Qe2 a6 6. Ba4 e6 7. O-O Be7 8. d4
b5 9. Bc2 Bb7 10. Nbd2 cxd4 11. cxd4 e5 12. a4 O-O 13. Re1 Qc7 14. Bd3 bxa4 15.
Rxa4 a5 1/2-1/2

[Event "Bochumer SV 1 - SV Wattenscheid 1"]
[Site "Oberliga NRW 2021/2022"]
[Date "2022.01.30"]
[Round "5.4"]
[White "Schneider, Bernd"]
[Black "Thiel, Thomas"]
[Result "0-1"]
[WhiteElo "2265"]
[BlackElo "2223"]
[PlyCount "64"]
[EventDate "2022.??.??"]
[SourceVersionDate "2020.03.16"]
[WhiteTeam "Bochumer SV 1"]
[BlackTeam "SV Wattenscheid 1"]

1. d4 Nf6 2. g3 g6 3. Bg2 d5 4. c4 c6 5. cxd5 cxd5 6. Nf3 Bg7 7. O-O O-O 8. Ne5
Bf5 9. Nc3 Ne4 10. Qb3 Nc6 11. Qxd5 Nxc3 12. bxc3 Nxe5 13. dxe5 Qxd5 14. Bxd5
Bxe5 15. Ba3 Bxc3 16. Rac1 Bf6 17. Bxb7 Rab8 18. Rc7 Be5 19. Rxe7 Bf6 20. Rc7
Bd8 21. Rc3 Rxb7 22. Bxf8 Kxf8 23. Rd1 Ba5 24. Rc5 Bb4 25. Rc6 Bd7 26. Rc4 Be6
27. Rc2 g5 28. Rd4 h5 29. Kg2 Ke7 30. h3 Bd6 31. f3 Rb1 32. Rc6 Bb4 0-1

[Event "Bochumer SV 1 - SV Wattenscheid 1"]
[Site "Oberliga NRW 2021/2022"]
[Date "2022.01.30"]
[Round "5.5"]
[White "Koerber, Matthias"]
[Black "Heinbuch, Detlef Ulrich"]
[Result "1/2-1/2"]
[WhiteElo "2199"]
[BlackElo "2181"]
[PlyCount "73"]
[EventDate "2022.??.??"]
[SourceVersionDate "2020.03.16"]
[WhiteTeam "SV Wattenscheid 1"]
[BlackTeam "Bochumer SV 1"]

1. d4 d5 2. c4 dxc4 3. Nc3 c5 4. d5 e6 5. e4 exd5 6. Nxd5 Nf6 7. Bxc4 Nxd5 8.
Bxd5 Be7 9. Ne2 O-O 10. O-O Nd7 11. Nc3 Nb6 12. Bb3 Bf6 13. Be3 Qe7 14. Rc1 Be6
15. Bxe6 fxe6 16. Nb5 Nd7 17. Qb3 Rfc8 18. Rfd1 b6 19. f4 g6 20. e5 Bg7 21. Nd6
Rd8 22. Ne4 Nf8 23. a4 Rxd1+ 24. Rxd1 Rd8 25. a5 Rxd1+ 26. Qxd1 Qb7 27. Nd6 Qc6
28. Qb3 Bf6 29. axb6 axb6 30. Qb5 Qxb5 31. Nxb5 Bd8 32. Kf2 Kf7 33. g4 Ke7 34.
Ke2 Kd7 35. Kd3 Be7 36. b3 Kc6 37. Kc4 1/2-1/2